Score 0/46 Timer 06:00
3 Plays Today
Hint Answer % Correct
Dogs and cats, for examplePETS
95.9%
Ink writing utensilsPENS
95.7%
Actor's partROLE
95.3%
✈ First person on the moon ✈
____ Armstrong
✈ NEIL ✈
95.2%
'____ a hand'LEND
95.2%
Send through postal serviceMAIL
95.2%
Traveled on horseRODE
95.1%
Glass part of glassesLENS
94.9%
Bird's homeNEST
94.8%
HousekeeperMAID
94.7%
Lunch or dinner, for exampleMEAL
94.5%
Animal fleshMEAT
94.2%
Tidy, not messyNEAT
94.2%
Bride's face coveringVEIL
94%
Brazilian football legendPELÉ
94%
Calf meatVEAL
94%
Cylindrical postPOLE
93.8%
'____ ho!'LAND
93.5%
Hammer's partnerNAIL
93.5%
Set downLAID
92.9%
Room connectorHALL
92.7%
✈ First person to spend a week in space ✈
____ Conrad and one other
✈ PETE ✈
92.4%
✈ First American woman in space ✈
Sally ____
✈ RIDE ✈
92.4%
Hint Answer % Correct
Cease movementHALT
91.7%
Go upRISE
90.4%
Suffer bodilyHURT
90.2%
Temporary release of prisonerBAIL
90%
✈ First American space organization ✈
National Aeronautics and Space Administration
✈ NASA ✈
89%
✈ First person in space ✈
____ Gagarin
✈ YURI ✈
87.1%
Adult male deerHART
87.1%
Fish foodBAIT
86.9%
Snotty child (or a sausage, shortened)BRAT
86.6%
Thomas _____, American cartoonistNAST
85.8%
Coffin coveringPALL
85.3%
Portable, round tentYURT
84.6%
Person from the UKBRIT
84%
Detailed proposalPLAN
83.8%
LacerateMAUL
81.1%
✈ First person to spend four weeks in space ✈
____ Weitz and 2 others
✈ PAUL ✈
81%
TrickRUSE
78.6%
✈ First American in space ✈
____ Shepard
✈ ALAN ✈
77.9%
An incompetent person, in the UKPRAT
77.8%
Plot of landPLAT
71.8%
One of nine in GreeceMUSE
71.1%
Corn doughMASA
70%
✈ First person in space for a year ✈
____ Manarov and one other
✈ MUSA ✈
62.8%

Today's Daily Dose

Missing Word
Lizzo Songs

Get the Picture
The Longest Rivers

Remove Ads.
Support Sporcle.
Get the best of Sporcle when you Go Orange. This ad-free experience offers more features, more stats, and more fun while also helping to support Sporcle. Thank you for becoming a member.

You're not logged in!

Compare scores with friends on all Sporcle quizzes.
OR
Log In

Show Comments

Extras

Top Quizzes Today


Score Distribution

Your Account Isn't Verified!

In order to create a playlist on Sporcle, you need to verify the email address you used during registration. Go to your Sporcle Settings to finish the process.

Report this User

Report this user for behavior that violates our Community Guidelines.

Details: